Statistics for Countries Closest to Dominica - One Minute Sprint

Click here to take the quiz!

General Stats

  • This quiz has been taken 35 times
  • The average score is 14 of 20

Answer Stats

kmcountrymiles% Correct
201St Kitts and Nevis125
93%
204St Vincent and
the Grenadines
127
93%
500Venezuela311
93%
154Antigua and Barbuda96
90%
277Barbados172
90%
804Dominican Republic499
90%
1128Haiti701
90%
129St Lucia80
87%
1114Colombia692
80%
298Grenada185
73%
439Trinidad and Tobago273
73%
757Guyana470
67%
1131Suriname704
63%
1113Brazil692
60%
1367Bahamas850
57%
27France17
47%
969Aruba602
40%
872Curaçao542
37%
259Netherlands161
30%
313Sint Maarten194
23%

Score Distribution

Percentile by Number Answered

Percent of People with Each Score

Your Score History

You have not taken this quiz